Valtioiden muotoja paljastavia valtioiden muotoja #1 - Statistics

Yleistilastot
  • Tätä visaa on pelattu 2 153 kertaa
  • Keskiarvotulos 18 / 21
Vastaukset kartalla
Vastauksille on annettu kartalla punavihreä väri sen mukaan, kuinka moni on saanut sen oikein.
 
Vastaustilastot
Vastaus % Oikein
Australia
98%
Yhdysvallat
98%
Intia
94%
Ranska
93%
Yhdistynyt kuningaskunta
93%
Japani
92%
Venäjä
91%
Indonesia
90%
Egypti
89%
Kanada
89%
Kreikka
87%
Kiina
86%
Kypros
85%
Somalia
81%
Madagaskar
80%
Brasilia
79%
Etelä-Afrikka
79%
Kroatia
75%
Uusi-Seelanti
69%
Sri Lanka
63%
Senegal
52%
Ehtoja vastaavia visoja ei löytynyt
Tulosjakauma
Jokaisen tuloksen saaneiden osuus
Persentiili vastausten määrän mukaan
Tuloshistoriasi
Et ole pelannut tätä visaa